Nuclear reactor engineering / (Record no. 355729)
[ view plain ]
| 000 -LEADER | |
|---|---|
| fixed length control field | 01058fam a2200349 a 4500 |
| 001 - CONTROL NUMBER | |
| control field | 1526464 |
| 003 - CONTROL NUMBER IDENTIFIER | |
| control field | USPCAS-E |
| 005 - DATE AND TIME OF LATEST TRANSACTION | |
| control field | 20180118181411.0 |
| 008 - FIXED-LENGTH DATA ELEMENTS--GENERAL INFORMATION | |
| fixed length control field | 940426s1994 nyu b 001 0 eng |
| 010 ## - LIBRARY OF CONGRESS CONTROL NUMBER | |
| LC control number | 94016575 |
| 020 ## - INTERNATIONAL STANDARD BOOK NUMBER | |
| International Standard Book Number | 0412985217 (v. 1) : |
| Terms of availability | $64.95 |
| 020 ## - INTERNATIONAL STANDARD BOOK NUMBER | |
| International Standard Book Number | 0412985314 (v. 2) : |
| Terms of availability | $64.95 |
| 035 ## - SYSTEM CONTROL NUMBER | |
| System control number | (OCoLC)30476479 |
| 035 ## - SYSTEM CONTROL NUMBER | |
| System control number | (OCoLC)ocm30476479 |
| 035 ## - SYSTEM CONTROL NUMBER | |
| System control number | (NNC)1526464 |
| 040 ## - CATALOGING SOURCE | |
| Original cataloging agency | DLC |
| Transcribing agency | DLC |
| Modifying agency | NNC |
| 050 00 - LIBRARY OF CONGRESS CALL NUMBER | |
| Classification number | TK9202 |
| Item number | .G55 1994 |
| 082 00 - DEWEY DECIMAL CLASSIFICATION NUMBER | |
| Classification number | 621.4831 |
| Edition number | 20 |
| Author Mark | GLA-N 1994 |
| 100 1# - MAIN ENTRY--PERSONAL NAME | |
| Personal name | Glasstone, Samuel, |
| Dates associated with a name | 1897-1986. |
| 245 10 - TITLE STATEMENT | |
| Title | Nuclear reactor engineering / |
| Statement of responsibility, etc. | Samuel Glasstone and Alexander Sesonske. |
| 250 ## - EDITION STATEMENT | |
| Edition statement | 4th ed. |
| 260 ## - PUBLICATION, DISTRIBUTION, ETC. | |
| Place of publication, distribution, etc. | New York, NY : |
| Name of publisher, distributor, etc. | Chapman & Hall, |
| Date of publication, distribution, etc. | 1994. |
| 263 ## - PROJECTED PUBLICATION DATE | |
| Projected publication date | 9408 |
| 300 ## - PHYSICAL DESCRIPTION | |
| Extent | v. : |
| Other physical details | ill. ; |
| Dimensions | 24 cm. |
| 502 ## - DISSERTATION NOTE | |
| Dissertation note | 0 |
| 504 ## - BIBLIOGRAPHY, ETC. NOTE | |
| Bibliography, etc. note | Includes bibliographical references and indexes. |
| 505 0# - FORMATTED CONTENTS NOTE | |
| Formatted contents note | v. 1. Reactor design basics -- v. 2. Reactor systems engineering. |
| 650 #0 - SUBJECT ADDED ENTRY--TOPICAL TERM | |
| Topical term or geographic name entry element | Nuclear reactors. |
| 700 1# - ADDED ENTRY--PERSONAL NAME | |
| Personal name | Sesonske, Alexander, |
| Dates associated with a name | 1921- |
| 942 ## - ADDED ENTRY ELEMENTS (KOHA) | |
| Source of classification or shelving scheme | |
| Koha item type | Book |
| Withdrawn status | Lost status | Source of classification or shelving scheme | Damaged status | Not for loan | Collection code | Permanent Location | Current Location | Shelving location | Date acquired | Source of acquisition | Cost, normal purchase price | Total Checkouts | Full call number | Barcode | Date last seen | Price effective from | Koha item type | Copy number |
|---|---|---|---|---|---|---|---|---|---|---|---|---|---|---|---|---|---|---|
| US-Pakistan Center for Advanced Studies in Energy (USPCAS-E) | US-Pakistan Center for Advanced Studies in Energy (USPCAS-E) | 12/09/2015 | Victoira Co. | 13280.00 | 621.4831 GLA-N 1994 | CAS-E0000747 | 12/10/2015 | 12/10/2015 | Book | |||||||||
| US-Pakistan Center for Advanced Studies in Energy (USPCAS-E) | US-Pakistan Center for Advanced Studies in Energy (USPCAS-E) | 12/09/2015 | Victoira Co. | 13280.00 | 621.4831 GLA-N 1994 | CAS-E0000748 | 12/10/2015 | 12/10/2015 | Book | 2 | ||||||||
| US-Pakistan Center for Advanced Studies in Energy (USPCAS-E) | US-Pakistan Center for Advanced Studies in Energy (USPCAS-E) | 12/23/2015 | Progressive | 7120.00 | 621.4831 GLA-N 1994 | CAS-E0000917 | 12/23/2015 | 12/23/2015 | Book | 3 | ||||||||
| US-Pakistan Center for Advanced Studies in Energy (USPCAS-E) | US-Pakistan Center for Advanced Studies in Energy (USPCAS-E) | 12/23/2015 | Progressive | 7120.00 | 621.4831 GLA-N 1994 | CAS-E0000918 | 12/23/2015 | 12/23/2015 | Book | 4 |
